LEADER 00878nam a2200229 i 4500 001 000000143679 003 CaOOAMICUS 005 20051010000000.0 008 051010s1979 it u000 u ita u 013 $a119037 040 $aSeMil$bita 100 1 $aEynde, Jean : van den.$0(OLS)http://semarc/name/57590 245 10$aCharismes et ministères /$cJean van den Eynde s.j. 260 $a[S.l. :$bs.n.],$c1979. 300 $a119 p. ;$c21 cm. 650 4$aCarismi.$0(OLS)http://semarc/subject/5606 650 4$aCarismatici.$0(OLS)http://semarc/subject/20004 650 4$aMinisteri ecclesiali.$0(OLS)http://semarc/subject/9207 850 $aSeMil 852 $aSeMil$W1$xVenegono$y1$m660 287 *$j96733$B96733$CSeMilBibl$Z2$F104103 $81 996 $6245$aCharismes et ministères$9(OLS)http://semarc/title/210280 996 $6260$a[S.l. :$bs.n.]$9(OLS)http://semarc/publisher/29751 LEADER 00951nam a2200241 i 4500 001 000000125784 003 CaOOAMICUS 005 20040427000000.0 008 040427s1976 it u000 u ita u 013 $a98485 040 $aSeMil$bita 240 14$aLes catholiques libéraux au 19° siecle.$0(OLS)http://semarc/title/185285 245 12$aI cattolici liberali nell'ottocento. 260 $aTorino :$bSEI,$c1976. 300 $a431 p. ;$c24 cm. 490 0 $aConoscenza storica 650 4$aCattolicesimo liberale - Storia - Sec. 19.$0(OLS)http://semarc/subject/24485 830 0$aConoscenza storica.$0(OLS)http://semarc/title/15316 850 $aSeMil 852 $aSeMil$W1$xVenegono$y1$m54 119 1 *$j80198$B80198$CSeMilBibl$Z2$F82792 $81 961 $aRecupero: Biblioteca Seminario Liceale 996 $6245$aI cattolici liberali nell'ottocento$9(OLS)http://semarc/title/185284 996 $6260$aTorino :$bSEI$9(OLS)http://semarc/publisher/29848